00897 a2200205 4500001000500000005001700005008004100022003001500063040004000078080001700118245005400135250001200189264003200201300001900233505031500252100003600567700002200603700002600625700004000651487120260407155436.0260407a1967 arg spa dAR-UNSa-BCEJYS aAR-UNSa-BCEJYSbspacAR-UNSa-BCEJYS a512xAlgebra10aIntroducción moderna a la matemática superior a2a. ed. 1aMadrid :bMcGraw-Hillc1967 a553 p.c23 cm. a1. Lógica y conjuntos - 2. Cuerpos de números - 3. Los enteros - 4. Grupos - 5. Ecuaciones e inecuaciones - 6. Funciones - 7. Funciones exponenciales y logarítmicas - 8. Funciones trigonométricas - 9. Geometría analítica - 10. Límites - 11. El cálculo - 12. Probabilidad - 13. Algegra de Boole1 aGutiérrez Vázquez, Santiago1 aOakley, Cletus O.1 aAllendoerfer, Carl B.1 aDíaz de la Cruz Cuesta, Francisco